000 01270nam0a22003491 4500
001 v19\rc\1761602
005 20061204160201.0
035 _a(NLR Aleph) 004861932
090 _a5019309
_c5019308
100 _a20061204e19031903|||y0rusy50 ca
101 0 _arus
102 _aRU
105 _aab z |||||
200 1 _aФауна бугловских слоев Волыни
_f[Соч.] В. Ласкарева
210 _aСанкт-Петербург
_cтип. М. Стасюлевича
_d1903
215 _a[2], 126, 12 с., 6 л. ил., карт.
_d32
300 _aТит. л. и обл. только на рус. яз.
311 _aОтд. отт. из вып. 5. Новой сер. Трудов Геол. ком.
320 _aБиблиогр. в примеч.
488 0 _12001#$aТруды Геологического комитета$vВып. 5. Новая сер.
700 1 _aЛаскарев
_bВ. Д.
_f1868-
_gВладимир Дмитриевич
801 0 _aRU
_bNLR
_gpsbo
801 0 _aRU
_bRuMoRGB
_2psbo
801 1 _aRU
_bProSoft-M
_2rusmarc
852 _aNLR
_j38.4.1.6
852 _aNLR
_j134/828
899 _aRuMoRGB
_jM 97/83
899 _aБАН
899 _aНБ СПбГУ
899 _aНБ МГУ
942 _cBOOK
980 _aNB